Čierne na bielom K 70. výročiu narodenia národného umelca Oresta Dubaya

Bibliographic Details
Main Author: Trojanová, Eva (Author)
Format: Article
Language:Slovak
PhysicalDescription:Obr. 8.
Subjects:

MARC

LEADER 00000nab a2200000 a 4500
001 vtls000364483
003 SK-MaSNL
005 20260302230414.0
008 160215c1989 xo 0 slo
015 |a SNBRB19rr/mm-uuuuu 
035 |a CL0364605 
040 |a SNKBUCL  |b slo  |c SNKBUCL  |e AACR2 
041 0 |a slo 
044 |a xo  |c SK 
080 |a 75.071.1  |2 1981 
080 |a 76.071.1  |2 1981 
080 |a 929 Dubay, Orest  |2 1981 
100 1 |a Trojanová, Eva  |4 aut  |9 5049 
245 1 0 |a Čierne na bielom  |b K 70. výročiu narodenia národného umelca Oresta Dubaya  |c Eva Trojanová 
300 |b Obr. 8. 
600 1 7 |a Dubay, Orest,  |d 1919-2005  |2 snkbucl  |9 110016 
655 7 |a články z novín a časopisov  |2 snkbucl  |9 267496 
773 0 |t Príroda a spoločnosť  |g Roč. 38, č. 16 (1989), s. 50-54 
850 |a Slovenská národná knižnica v Martine  |a MTA001 
852 |a SNK  |b KIS3GCP 
958 |a BX 
958 |a RK 
992 |a RBX 
999 |c 1533607  |d 1535537